00900 2200289 4500001002100000005001500021035002000036007000300056008004100059020002200100082000800122084001400130100001100144245013500155250001100290260003200301300005100333700003800384600001100422990002100433990002600454990002600480990002600506990002600532990002600558990002600584INLIS00000000000280620260530115453 a0010-0720000089ta260530 0  a978-979-29-6199-7 a370 a370 ISM n0 aIsmadi1 aNegara Maritim Terbesar di Dunia Suku Bangsa Terbanyak Di Dunia dan Keajaiban Yang lain /cIsmadi;editor, Maya; Ilustrator, Ismadi a--Ed 1 a--Yogyakarta :bAndi,c2017 a42 hlm. :bilus. ;c20 cmeBibliografi, hlm 430 aeditor, Maya ; Ilustrator, Ismadi 4abudaya a34.167a/DAK/DPK/ a34.168 a/DAK/DPK/2019 a34.169 a/DAK/DPK/2019 a34.170 A/DAK/DPK/2019 a34.168/0/DAK/DPK/2019 a34.169 a/DAK/DPK/2019 a34.170 a/DAK/DPK/2019